LEADER 01137nam a2200265 u 4500 001 000000121655 003 CaOOAMICUS 005 20100510122313.0 008 100510s1994 xxu u000 u eng r 020 $a0-226-11280-2 040 $aPUL$bita$dReb 082 04$a509 100 1 $aCohen, H. Floris.$0(OLS)http://pul/name/76217 245 14$aThe scientific revolution :$ba historiographical inquiry /$cH. Floris Cohen. 260 $aChicago :$bThe University of Chicago Press,$c1994. 300 $axviii, 662 p. ;$c23 cm 504 $aBibliografia p. 603-618. 650 4$aScienza$xStoria$zEuropa.$0(OLS)http://pul/subject/36823 850 $aPUL 852 $aPUL$W1$xSL Cons. Gen., Altre Classi 3$y75$m509 COHFL 1$j139623$qDDC 21$B138823$CPULBib$Z2$F138823 $H113584 $82 941 1 $a9 996 $6020$a0-226-11280-2$9(OLS)http://pul/number/144135 996 $6082$a509$9(OLS)http://pul/classification/514 996 $6245$aThe scientific revolution :$ba historiographical inquiry$9(OLS)http://pul/title/153061 996 $6260$aChicago :$bThe University of Chicago Press$9(OLS)http://pul/publisher/57829 LEADER 01271nam a2200289 u 4500 001 000000059067 003 CaOOAMICUS 005 20070226120748.0 008 010621s1996 fr u000 u fre u 035 $a10893347 040 $aPUL(R)$bita 100 1 $aPoulat, Émile,$d1920-$0(OLS)http://pul/name/10532 245 10$aHistoire, dogme et critique dans la crise moderniste /$cEmile Poulat ; suivi la réflexion d'Alphonse Dupront 1962. 250 $a3e éd. 260 $aParis :$bAlbin Michel,$c1996. 300 $alxxix, 739 ;$c19 cm 490 1 $aBibliothèque de L'évolution de l'humanité ;$v18 500 $aInclude indici. 504 $a"Bibliographie": p. [648]-706. 650 4$aModernismo.$0(OLS)http://pul/subject/4140 700 1 $aDupront, Alphonse,$d1905-1990.$0(OLS)http://pul/name/9701 830 0$aBibliothèque de L'évolution de l'humanité ;$v18.$0(OLS)http://pul/title/79114 850 $aPUL 852 $aPUL$W1$xDP1 Altre Collocazioni$y17$mSenza collocazione$j12$nBK-PRI$b $qStampati$B77087$CPULBib$Z2$F77087 $H $81 941 1 $a8 996 $6245$aHistoire, dogme et critique dans la crise moderniste$9(OLS)http://pul/title/63980 996 $6260$aParis :$bAlbin Michel$9(OLS)http://pul/publisher/51032 LEADER 02176nam a2200349 a 4500 001 000000149321 003 CaOOAMICUS 005 20160211104919.0 008 160211s2011 it u000 u ita r 020 $a9788884433862* 032 $aLibriCat 040 $aPUL$bita 082 04$a340.5 111 2 $aSeminario internazionale di diritto romano$cTrento :$d2007).$0(OLS)http://pul/name/95223 245 10$aProblemi e prospettive della critica testuale :$batti del "Seminario internazionale di diritto romano" e della "Presentazione" del terzo volume dei "Iustiniani Digesta seu Pandectae" Digesti o Pandette dell'imperatore Giustiniano. Testo e traduzione a cura di Sandro Schipani (Trento, 14 e 15 dicembre 2007) /$ca cura di Massimo Miglietta e Gianni Santucci. 260 $aTrento :$bUniversità degli studi,$c2011. 300 $aX, 252 p. ;$c24 cm. 490 1 $aQuaderni del Dipartimento / Università degli studi di Trento, Dipartimento di scienze giuridiche ;$v97 504 $aBibliografia in nota. 650 4$aDiritto romano$xFonti.$0(OLS)http://pul/subject/1707 700 1 $aMiglietta, Massimo.$0(OLS)http://pul/name/44368 700 1 $aSantucci, Gianni.$0(OLS)http://pul/name/78325 830 0$aQuaderni del Dipartimento (Università degli studi di Trento, Dipartimento di scienze giuridiche) ;$v97.$0(OLS)http://pul/title/188256 850 $aPUL 852 $aPUL$W1$xSL Diritto e Scienze Sociali 3$y79$m340. 5 MIGMA 1$j171973$qDDC 21$B173564$CPULBib$Z2$F173564 $H127123 $81 941 1 $a9 961 $aDedica autografa 996 $6020$a9788884433862*$9(OLS)http://pul/number/159633 996 $6082$a340.5$9(OLS)http://pul/classification/1655 996 $6245$aProblemi e prospettive della critica testuale :$batti del "Seminario internazionale di diritto romano" e della "Presentazione" del terzo volume dei "Iustiniani Digesta seu Pandectae" Digesti o Pandette dell'imperatore Giustiniano. Testo e traduzione a cura di Sandro Schipani (Trento, 14 e 15 dicembre 2007)$9(OLS)http://pul/title/188255 996 $6260$aTrento :$bUniversità degli studi$9(OLS)http://pul/publisher/60079